000 00429pab a2200157 454500
008 180718b1997 xxu||||| |||| 00| 0 eng d
100 _aOommen, M.A.
245 _aDecentralized planning and resources transfer to local bodies: towards a normative framework
260 _c1997
300 _ap.13-14,22
362 _aJun
650 _aLocal government
650 _aDecentralization
773 _aKurukshetra
909 _a34839
999 _c34839
_d34839